Modely rastu podniku
Ekonomické modely rastu podniku. Greinerov štádiový model rastu podniku. Churchillov a Lewisovej model rastu podniku. Model rastu podniku S. H. Hankse. Marrisov model.
Saved in:
| Main Author: | |
|---|---|
| Other Authors: | |
| Format: | Book Chapter |
| Language: | Slovak |
| Subjects: | |
| Tags: |
No Tags, Be the first to tag this record!
|
MARC
| LEADER | 00000nla$a2200000$$$4500 | ||
|---|---|---|---|
| 001 | 0076263 | ||
| 005 | 20240502071907.2 | ||
| 041 | 0 | |a slo | |
| 044 | |a SK | ||
| 245 | 1 | 0 | |a Modely rastu podniku |c Ján Krajčovič, Martin Križan |
| 520 | |a Ekonomické modely rastu podniku. Greinerov štádiový model rastu podniku. Churchillov a Lewisovej model rastu podniku. Model rastu podniku S. H. Hankse. Marrisov model. | ||
| 610 | 2 | 0 | |a podnik |
| 610 | 2 | 0 | |a rozvoj podniku |
| 610 | 2 | 0 | |a modely ekonomické |
| 610 | 2 | 0 | |a ponuka |
| 610 | 2 | 0 | |a dopyt |
| 610 | 2 | 0 | |a financie |
| 610 | 2 | 0 | |a manažment |
| 610 | 2 | 0 | |a zisk |
| 610 | 2 | 0 | |a náklady |
| 100 | 1 | |a Krajčovič, Ján | |
| 700 | 1 | |a Križan, Martin | |